000 00976nam a2200313 i 4500
001 bg
100 1 _aGARRETTE, Bernard
245 1 0 _aStrategie aliansów na rynku /
_cBernard Garrette, Pierre Dussauge ; przekł. z fr. Marian Egeman.
246 _iTyt. oryg.:
_aLes stratégies d'alliance
260 _aWarszawa :
_b"Poltext",
_c1996.
300 _a244 s. :
_brys. ;
_c24 cm.
490 1 _aFinanse, Zarządzanie, Rozwój
500 _aOryg. : "Les stratégies d'alliance" 1995.
504 _aBibliogr. s. 237-240.
650 9 _aPrzedsiębiorstwo
_xorganizacja
650 9 _aUmowa
_xgospodarka
650 9 _aZarządzanie
_xmetody
655 _aPoradniki
700 1 _aDUSSAUGE, Pierre
700 1 _aEGEMAN, Marian.
_eTł.
830 _aFinanse, Zarządzanie, Rozwój
020 _a8386890061
040 _cBPK
041 1 _apl
_hfr
080 _a347.4:658.1/.5.012.4
920 _a83-86890-06-1
942 _cKS
008 s pl f |000 0 pol
999 _c25299
_d25299